<?xml version="1.0" encoding="UTF-8"?>
<record
    xmlns:xsi="http://www.w3.org/2001/XMLSchema-instance"
    xsi:schemaLocation="http://www.loc.gov/MARC21/slim http://www.loc.gov/standards/marcxml/schema/MARC21slim.xsd"
    xmlns="http://www.loc.gov/MARC21/slim">

  <leader>00879nam a22001577a 4500</leader>
  <datafield tag="010" ind1=" " ind2=" ">
    <subfield code="a">HIN-126159</subfield>
  </datafield>
  <datafield tag="020" ind1=" " ind2=" ">
    <subfield code="a">9789393739353</subfield>
    <subfield code="c">400.00</subfield>
  </datafield>
  <datafield tag="035" ind1=" " ind2=" ">
    <subfield code="a">HN-98505</subfield>
  </datafield>
  <datafield tag="082" ind1=" " ind2=" ">
    <subfield code="a">362.178</subfield>
    <subfield code="2">2 </subfield>
    <subfield code="b">1 </subfield>
  </datafield>
  <datafield tag="100" ind1="1" ind2=" ">
    <subfield code="a">&#x92F;&#x93E;&#x926;&#x935;,&#x930;&#x92E;&#x947;&#x936; </subfield>
    <subfield code="9">58462</subfield>
  </datafield>
  <datafield tag="245" ind1="1" ind2=" ">
    <subfield code="a">&#x92A;&#x94D;&#x930;&#x94B;&#x926;&#x94D;&#x92F;&#x94B;&#x917;&#x93F;&#x915;&#x940; &#x92C;&#x948;&#x902;&#x915;&#x93F;&#x902;&#x917; &#x914;&#x930; &#x939;&#x93F;&#x902;&#x926;&#x940;;&#x92D;&#x93E;&#x937;&#x93E; &#x92A;&#x94D;&#x930;&#x94B;&#x927;&#x94B;&#x917;&#x93F;&#x915;&#x940; &#x914;&#x930; &#x938;&#x942;&#x91A;&#x928;&#x93E; &#x92A;&#x94D;&#x930;&#x94B;&#x927;&#x94B;&#x917;&#x93F;&#x915;&#x940; &#x915;&#x947; &#x935;&#x93F;&#x936;&#x947;&#x937; &#x938;&#x902;&#x926;&#x930;&#x94D;&#x92D; &#x92E;&#x947;&#x902;/</subfield>
    <subfield code="c">&#x930;&#x92E;&#x947;&#x936; &#x92F;&#x93E;&#x926;&#x935; </subfield>
  </datafield>
  <datafield tag="260" ind1=" " ind2=" ">
    <subfield code="a">&#x926;&#x93F;&#x932;&#x94D;&#x932;&#x940;</subfield>
    <subfield code="b">&#x905;&#x926;&#x94D;&#x935;&#x93F;&#x915;  &#x92A;&#x92C;&#x94D;&#x932;&#x93F;&#x915;&#x947;&#x936;&#x928; </subfield>
    <subfield code="c">2022 </subfield>
  </datafield>
  <datafield tag="270" ind1=" " ind2=" ">
    <subfield code="a">41,&#x939;&#x938;&#x928;&#x92A;&#x941;&#x930;&#x940; &#x906;&#x908; .&#x92A;&#x940; .&#x90F;&#x915;&#x94D;&#x938;&#x94D;&#x91F;&#x947;&#x902;&#x936;&#x928;  &#x92A;&#x91F;&#x92A;&#x921;&#x93C;&#x917;&#x91C; </subfield>
    <subfield code="b">&#x926;&#x93F;&#x932;&#x94D;&#x932;&#x940;</subfield>
    <subfield code="e">110092 </subfield>
  </datafield>
  <datafield tag="300" ind1=" " ind2=" ">
    <subfield code="a">343 &#x92A;&#x943;</subfield>
    <subfield code="c">23  &#x938;&#x947;&#x92E;&#x940; (&#x938;&#x91C;&#x93F;&#x932;&#x94D;&#x926;)</subfield>
  </datafield>
  <datafield tag="942" ind1=" " ind2=" ">
    <subfield code="a">dpl</subfield>
    <subfield code="c">HN</subfield>
    <subfield code="2">ddc</subfield>
    <subfield code="h">362.178</subfield>
    <subfield code="m">&#x92F;&#x93E;&#x926;&#x935; </subfield>
  </datafield>
  <datafield tag="999" ind1=" " ind2=" ">
    <subfield code="c">198802</subfield>
    <subfield code="d">198802</subfield>
  </datafield>
  <datafield tag="952" ind1=" " ind2=" ">
    <subfield code="0">0</subfield>
    <subfield code="1">0</subfield>
    <subfield code="4">0</subfield>
    <subfield code="7">0</subfield>
    <subfield code="8">NFIC</subfield>
    <subfield code="a">BN</subfield>
    <subfield code="b">BN</subfield>
    <subfield code="d">2023-10-17</subfield>
    <subfield code="e">DBAD/PUB</subfield>
    <subfield code="g">400.00</subfield>
    <subfield code="l">0</subfield>
    <subfield code="o">362.178 &#x92F;&#x93E;&#x926;&#x935; </subfield>
    <subfield code="p">HN-98505</subfield>
    <subfield code="r">2023-10-17 00:00:00</subfield>
    <subfield code="t">1 </subfield>
    <subfield code="v">400.00</subfield>
    <subfield code="w">2023-10-17</subfield>
    <subfield code="y">HN</subfield>
  </datafield>
</record>
